| 000 | 00626cam a22002291 4500 | ||
|---|---|---|---|
| 001 | 7426233 | ||
| 003 | BD-DhUL | ||
| 005 | 20161117145915.0 | ||
| 008 | 800116s1961 us 000 0 eng | ||
| 010 | _a 50008579 | ||
| 035 | _a(OCoLC)5877973 | ||
| 040 |
_aDLC _cBD-DhUL _dOClW-H _dNSbSU _dDLC |
||
| 042 | _apremarc | ||
| 082 |
_a150.4 _bGRB |
||
| 100 | 1 |
_aGroddeck, Georg _d1866-1934. |
|
| 245 | 1 | 4 |
_aThe book of the it. / _cGeorg Groddeck |
| 260 |
_aNew York : _bMentor Books, _c1961 |
||
| 300 |
_a254 p. : _c18 cm. |
||
| 650 | _aPsychology | ||
| 906 |
_a7 _bcbc _coclcrpl _du _encip _f19 _gy-gencatlg |
||
| 942 |
_2ddc _cBK |
||
| 999 |
_c125118 _d125118 |
||